| 000 | 01151nam a22002658a 4500 | ||
|---|---|---|---|
| 999 |
_c45905 _d45905 |
||
| 001 | 223907314 | ||
| 005 | 20190319090609.0 | ||
| 008 | 080523s2008 ilu b 000 0 eng | ||
| 010 | _a2008022652 | ||
| 020 | _a9780830834976 | ||
| 035 | _a(OCoLC)223907314 | ||
| 100 | 1 |
_aRyan, Dale, _d1947- |
|
| 245 | 1 | 0 |
_aSoul repair : _brebuilding your spiritual life / _cDale Ryan, Juanita Ryan, and Jeff VanVonderen. |
| 260 |
_aDowners Grove, Ill. : _bIVP Books, _c2008. |
||
| 300 | _a180 p. cm. | ||
| 336 | _atext | ||
| 337 | _aunmediated | ||
| 338 | _avolume | ||
| 504 | _aIncludes bibliographical references. | ||
| 505 | 0 | _aIntroduction -- Part I: Distorted spirituality -- Abusive spirituality -- Anorexic spirituality -- Addictive spirituality -- Co-dependent spirituality -- Distorted images of God -- Part II: Tools for reconstruction -- Beginning to rebuild -- Building a solid spiritual framework -- Relying on God -- Practicing honesty and humility -- Living in community -- Giving back -- Next steps. | |
| 650 | 0 |
_aSpiritual life _xChristianity. |
|
| 700 | 1 |
_aRyan, Juanita, _d1949- |
|
| 700 | 1 | _aVanVonderen, Jeffrey. | |
| 942 |
_2lcc _cBK |
||